Statistics for 1970s Celebrities by Picture #2

Click here to take the quiz!

General Stats

  • This quiz has been taken 14,427 times
    (8,515 since last reset)
  • The average score is 10 of 16

Answer Stats

Answer % Correct
Paul McCartney
91%
Elton John
88%
Meryl Streep
87%
Liza Minnelli
73%
Gerald Ford
70%
Stevie Wonder
69%
Gene Wilder
67%
Rod Stewart
60%
Ayatollah Khomeini
60%
Alan Alda
57%
Peter Falk
48%
Rodney Dangerfield
45%
Johnny Carson
45%
Leonid Brezhnev
38%
Maureen McCormick
30%
Mark Hamill
26%

Score Distribution

Percentile by Number Answered

Percent of People with Each Score

Your Score History

You have not taken this quiz since the last reset